[Event "Alassio West End op 2nd"]
[Site "Alassio"]
[Date "2016.10.02"]
[Round "4"]
[White "Traverso, Massimiliano"]
[Black "Noli, Giovanni"]
[Result "1/2-1/2"]
[WhiteElo "1939"]
[BlackElo "1807"]
[PlyCount "63"]
[EventDate "2016.09.30"]
[EventType "swiss"]
[EventRounds "5"]
[EventCountry "ITA"]
[SourceTitle "EXT 2018"]
[Source "ChessBase"]
[SourceDate "2017.10.13"]
[SourceVersion "1"]
[SourceVersionDate "2017.10.13"]
[SourceQuality "1"]

1. e4 c6 2. d4 d5 3. exd5 cxd5 4. c4 Nf6 5. Nc3 e6 6. Nf3 Nc6 7. cxd5 Nxd5 8. Bd3 Bb4 9. Bd2 0-0 10. 0-0 Be7 11. a3 Nf6 12. Bg5 h6 13. Bh4 Nd5 14. Bg3 Nxc3 15. bxc3 Bd6 16. Ne5 Nxe5 17. dxe5 Be7 18. Qe2 g6 19. Rfd1 Qc7 20. h4 h5 21. Qc2 Kg7 22. Be4 Rd8 23. Qb2 Rb8 24. Rab1 b6 25. Rxd8 Bxd8 26. Rd1 Bb7 27. Bxb7 Qxb7 28. Qb5 a6 29. Qd3 Be7 30. a4 Rd8 31. Qc2 Rxd1+ 32. Qxd1 1/2-1/2

[Event "Alassio West End op 2nd"]
[Site "Alassio"]
[Date "2016.10.01"]
[Round "3"]
[White "Noli, Giovanni"]
[Black "Camagna, Ivan"]
[Result "1-0"]
[WhiteElo "1807"]
[BlackElo "1587"]
[PlyCount "97"]
[EventDate "2016.09.30"]
[EventType "swiss"]
[EventRounds "5"]
[EventCountry "ITA"]
[SourceTitle "EXT 2018"]
[Source "ChessBase"]
[SourceDate "2017.10.13"]
[SourceVersion "1"]
[SourceVersionDate "2017.10.13"]
[SourceQuality "1"]

1. d4 Nf6 2. c4 e6 3. Nc3 Bb4 4. Qc2 0-0 5. Nf3 b6 6. a3 Be7 7. g3 Bb7 8. Bg2 d5 9. cxd5 exd5 10. 0-0 a6 11. b4 Nbd7 12. Bd2 b5 13. Rac1 Rc8 14. Qb3 c6 15. a4 Nb6 16. Rfe1 Bd6 17. Bg5 h6 18. Bxf6 Qxf6 19. a5 Nc4 20. e4 dxe4 21. Nxe4 Qd8 22. Nxd6 Qxd6 23. Ne5 Nxe5 24. dxe5 Qe6 25. Qxe6 fxe6 26. Rcd1 Rc7 27. Rd6 Kf7 28. Rc1 Rfc8 29. Bh3 Re8 30. Rc3 Rce7 31. Bg2 Rc8 32. Bxc6 Rcc7 33. Rf3+ Kg6 34. Bxb7 Rxb7 35. Rxa6 Ra7 36. Rxa7 Rxa7 37. Rc3 Kf5 38. Rc5 Rb7 39. Kg2 g5 40. f3 h5 41. Kf2 g4 42. fxg4+ hxg4 43. Ke3 Rh7 44. Rxb5 Rxh2 45. a6 Ra2 46. Rb6 Rg2 47. a7 Rxg3+ 48. Ke2 Rg2+ 49. Kf1 1-0

[Event "Imperia op-A 53rd"]
[Site "Imperia"]
[Date "2011.09.05"]
[Round "2"]
[White "Noli, Giovanni"]
[Black "Morandi, Daniele"]
[Result "1-0"]
[WhiteElo "1915"]
[BlackElo "1948"]
[PlyCount "57"]
[EventDate "2011.09.04"]
[EventType "swiss"]
[EventRounds "9"]
[EventCountry "ITA"]
[SourceTitle "EXT 2014"]
[Source "ChessBase"]
[SourceDate "2013.11.20"]
[SourceVersion "1"]
[SourceVersionDate "2013.11.20"]
[SourceQuality "1"]

1. d4 Nf6 2. c4 g6 3. Nc3 Bg7 4. e4 d6 5. f3 0-0 6. Be3 e5 7. Nge2 Nc6 8. d5 Ne7 9. Qd2 Nd7 10. g4 a5 11. Ng3 Nc5 12. h4 c6 13. Bh6 cxd5 14. Bxg7 Kxg7 15. exd5 f5 16. h5 f4 17. hxg6 hxg6 18. Nge4 Rh8 19. Rxh8 Kxh8 20. Qh2+ Kg7 21. 0-0-0 b5 22. Qh4 Nc6 23. g5 Nd4 24. Qh6+ Kf7 25. Qh7+ Kf8 26. Qh8+ Ke7 27. Qf6+ Ke8 28. Qxg6+ Ke7 29. Qg7+ 1-0

[Event "Imperia Corallo op-A 3rd"]
[Site "Imperia"]
[Date "2008.11.21"]
[Round "1"]
[White "Lo Dico, Angela"]
[Black "Noli, Giovanni"]
[Result "1-0"]
[WhiteElo "1710"]
[BlackElo "1954"]
[PlyCount "90"]
[EventDate "2008.11.21"]
[EventType "swiss"]
[EventRounds "5"]
[EventCountry "ITA"]
[SourceTitle "EXT 2011"]
[Source "ChessBase"]
[SourceDate "2010.11.26"]
[SourceVersion "1"]
[SourceVersionDate "2010.11.26"]
[SourceQuality "1"]

1. f4 d5 2. e3 Nf6 3. Nf3 Nc6 4. Be2 Bg4 5. 0-0 e6 6. h3 Bh5 7. b3 Bc5 8. d4 Be7 9. Nc3 a6 10. a3 0-0 11. g4 Bg6 12. Bd2 Ne4 13. Nxe4 Bxe4 14. Nh2 Bh4 15. Bf3 Bg6 16. Rc1 h6 17. Be1 Be7 18. b4 f5 19. c4 fxg4 20. hxg4 Qd7 21. cxd5 exd5 22. Qb3 Bf7 23. Rf2 Bh4 24. Rg2 Bxe1 25. Rxe1 Rae8 26. Qc3 Ne7 27. f5 Kh8 28. Kf2 Ng8 29. Rh1 Nf6 30. Nf1 Ne4+ 31. Bxe4 dxe4 32. Ng3 Kg8 33. Rgh2 b5 34. Nh5 Bxh5 35. Rxh5 Rf6 36. Qb3+ Kh8 37. Ke2 Rc6 38. d5 Rc4 39. Qb2 Kh7 40. Rg5 Re7 41. f6 Rf7 42. fxg7 Rxg7 43. Qf6 Rc2+ 44. Kd1 Rg2 45. Qxh6+ Kg8 1-0

[Event "Imperia op-B 50th"]
[Site "Imperia"]
[Date "2008.09.03"]
[Round "5"]
[White "Cornaggia, Ranieri"]
[Black "Noli, Giovanni"]
[Result "1/2-1/2"]
[WhiteElo "1788"]
[BlackElo "1938"]
[PlyCount "91"]
[EventDate "2008.08.31"]
[EventType "swiss"]
[EventRounds "9"]
[EventCountry "ITA"]
[SourceTitle "EXT 2011"]
[Source "ChessBase"]
[SourceDate "2010.11.26"]
[SourceVersion "1"]
[SourceVersionDate "2010.11.26"]
[SourceQuality "1"]

1. e4 c6 2. d4 d5 3. Nc3 dxe4 4. Nxe4 Bf5 5. Ng3 Bg6 6. f4 e6 7. Nf3 Nd7 8. Be2 Ngf6 9. 0-0 Be7 10. c3 Qc7 11. Ne5 Nxe5 12. dxe5 Ne4 13. Nxe4 Bxe4 14. Be3 Rd8 15. Qa4 Bd3 16. Bxd3 Rxd3 17. Qxa7 0-0 18. Qb6 Qd7 19. Rfe1 Rd5 20. Qb3 Rd8 21. a4 f6 22. exf6 Bxf6 23. Bb6 Rf8 24. Rad1 Qf7 25. Rxd5 exd5 26. Qb4 Bh4 27. g3 Bf6 28. Bc5 Rc8 29. a5 h5 30. h4 Qg6 31. Kf2 Qf7 32. Be7 Rc7 33. Bxf6 gxf6 34. Qd6 c5 35. Qe6 Kg7 36. Qxf7+ Kxf7 37. b4 d4 38. b5 dxc3 39. Rc1 c4 40. Rxc3 Rc5 41. b6 Kg6 42. Ke3 Rxa5 43. Rxc4 Rb5 44. Ke4 f5+ 45. Kd4 Rxb6 46. Rc8 1/2-1/2

[Event "Crema op 01st"]
[Site "Crema"]
[Date "1999.09.19"]
[Round "5"]
[White "Noli, Giovanni"]
[Black "Epitome, Nando"]
[Result "1-0"]
[WhiteElo "1600"]
[BlackElo "1528"]
[PlyCount "43"]
[EventDate "1999.09.17"]
[EventType "swiss"]
[EventRounds "6"]
[EventCountry "ITA"]
[SourceTitle "EXT 2024"]
[Source "ChessBase"]
[SourceDate "2023.10.10"]
[SourceVersion "1"]
[SourceVersionDate "2023.10.10"]
[SourceQuality "1"]

1. e4 c5 2. c3 d6 3. d4 cxd4 4. cxd4 g6 5. Nf3 Bg7 6. Nc3 a6 7. Be2 Bg4 8. Be3 Nf6 9. Qb3 b5 10. e5 dxe5 11. dxe5 Nfd7 12. Ng5 Be6 13. Nxe6 fxe6 14. Bf3 Nxe5 15. Bxa8 Nd3+ 16. Ke2 Ne5 17. Rhd1 Qc7 18. Qxe6 Rf8 19. Ne4 Qc2+ 20. Kf1 Nd3 21. Rd2 Qc4 22. Nd6+ 1-0